| 000 | 00761cam a22002413a 4500 | ||
|---|---|---|---|
| 001 | 27372 | ||
| 003 | PGUSA | ||
| 005 | 20140828083606.0 | ||
| 008 | 081201s2008||||xxu|||||s|||||000 | eng d | ||
| 040 |
_aPGUSA _beng |
||
| 042 | _adc | ||
| 050 | 4 | _aE201 | |
| 245 | 1 | 4 |
_aThe Diplomatic Correspondence of the American Revolution, Vol. VIII _h[electronic resource] |
| 260 |
_bProject Gutenberg, _c2008 |
||
| 506 | _aPublic domain in the USA. | ||
| 516 | _aElectronic text | ||
| 653 | _aUnited States -- History -- Revolution, 1775-1783 -- Sources | ||
| 653 | _aUnited States -- Foreign relations -- 1775-1783 | ||
| 700 | 1 |
_aSparks, Jared, _d1789-1866 |
|
| 830 | 0 |
_aProject Gutenberg _v27372 |
|
| 856 | 4 | 0 | _uhttp://www.gutenberg.org/ebooks/27372 |
| 942 | _cEB | ||
| 999 |
_c256627 _d256627 |
||